[Event "ch-FRA Blitz Online Qual"]
[Site "Europe-Chess INT"]
[Date "2020.05.16"]
[Round "7"]
[White "Popov, Konstantin"]
[Black "Redjem, Mohamed"]
[Result "1-0"]
[WhiteTitle "FM"]
[WhiteElo "2366"]
[BlackElo "1777"]
[WhiteFideId "34137910"]
[BlackFideId "20608128"]
[EventDate "2020.05.16"]

1. e4 d5 2. exd5 Qxd5 3. Nc3 Qa5 4. d4 c6 5. Nf3 Nf6 6. h3 Bf5 7. Nh4 h6 8. Nxf5
Qxf5 9. g3 Nbd7 10. Bg2 e6 11. O-O Bd6 12. Ne2 Bc7 13. c4 O-O 14. b3 Rad8 15.
Bb2 c5 16. Qb1 Qxb1 17. Raxb1 b6 18. Rfd1 cxd4 19. Nxd4 Nc5 20. Nc6 Rxd1+ 21.
Rxd1 a5 22. Kf1 Nfe4 23. Ke2 f6 24. h4 f5 25. h5 f4 26. g4 f3+ 27. Bxf3 Ng5 28.
Bg2 Nce4 29. Bxe4 Nxe4 30. f3 Ng5 31. Rd7 Rf7 32. Rxf7 Kxf7 33. Ne5+ Ke7 34. Ke3
Nh7 35. Nc6+ Kf7 36. Be5 Bxe5 37. Nxe5+ Ke7 38. Kd4 Kd6 39. a3 Nf6 40. b4 axb4
41. axb4 Ne8 42. c5+ bxc5+ 43. bxc5+ Kc7 44. Ng6 Kd7 45. Ke5 Nc7 46. Nf4 Ke7 47.
c6 Ne8 48. Nxe6 1-0

[Event "ch-FRA Blitz Online Qual"]
[Site "Europe-Chess INT"]
[Date "2020.05.16"]
[Round "7"]
[White "Roque, Gaetan"]
[Black "Chung, Mathilde"]
[Result "1-0"]
[BlackTitle "WFM"]
[WhiteElo "2128"]
[BlackElo "2083"]
[WhiteFideId "20666934"]
[BlackFideId "676446"]
[EventDate "2020.05.16"]

1. d4 Nf6 2. c4 g6 3. Nc3 Bg7 4. e4 d6 5. Be2 Nbd7 6. Nf3 O-O 7. O-O e5 8. d5
Nc5 9. Be3 Ncxe4 10. Rc1 Nxc3 11. Rxc3 Ng4 12. Bg5 f6 13. Bh4 Nh6 14. Nd2 Nf5
15. Bg3 Nxg3 16. hxg3 f5 17. b4 e4 18. Ra3 Qg5 19. c5 Bd7 20. Nc4 dxc5 21. bxc5
f4 22. gxf4 Rxf4 23. Rg3 Qf6 24. d6 cxd6 25. Nxd6 Bc6 26. Bc4+ Kf8 27. Bd5 Rd8
28. Bxc6 bxc6 29. Re3 Qe6 30. Qa4 Be5 31. Qxa7 Rh4 32. g3 Rxd6 33. cxd6 Qh3 34.
Qe7+ Kg8 35. Qxh4 1-0

[Event "ch-FRA Blitz Online Qual"]
[Site "Europe-Chess INT"]
[Date "2020.05.16"]
[Round "7"]
[White "Alif, Yassine"]
[Black "Masset, Jacques"]
[Result "1-0"]
[WhiteElo "1874"]
[BlackElo "2058"]
[WhiteFideId "45107203"]
[BlackFideId "20603703"]
[EventDate "2020.05.16"]

1. d4 d5 2. c4 c6 3. Nc3 Nf6 4. Nf3 e6 5. Bg5 dxc4 6. e4 b5 7. e5 h6 8. Bh4 g5
9. Nxg5 hxg5 10. Bxg5 Nbd7 11. g3 Qb6 12. exf6 Bb7 13. Bg2 O-O-O 14. O-O Ne5 15.
a4 b4 16. a5 Qxd4 17. Qxd4 Rxd4 18. a6 Ba8 19. Be3 Rd7 20. Na4 Nd3 21. Rfd1 Kb8
22. Rac1 c5 23. Rxc4 Bxg2 24. Kxg2 Nf4+ 25. Bxf4+ 1-0

[Event "ch-FRA Blitz Online Qual"]
[Site "Europe-Chess INT"]
[Date "2020.05.16"]
[Round "7"]
[White "Capton, Rafael"]
[Black "Lamorelle, Yves"]
[Result "1-0"]
[BlackTitle "FM"]
[WhiteElo "1737"]
[BlackElo "2052"]
[WhiteFideId "36084778"]
[BlackFideId "601810"]
[EventDate "2020.05.16"]

1. e4 e5 2. Nf3 Nc6 3. Nc3 Nf6 4. d4 exd4 5. Nxd4 Bb4 6. Nxc6 bxc6 7. Bd3 O-O 8.
O-O h6 9. e5 Nd5 10. Nxd5 cxd5 11. Qg4 d6 12. Qxb4 dxe5 13. Bd2 Be6 14. c4 Rb8
15. Qc5 dxc4 16. Bxc4 Bxc4 17. Qxc4 Qxd2 18. Qxc7 Qxb2 19. Qxa7 Ra8 20. Qe3 Ra3
21. Qe4 Rd8 22. h3 Rd4 23. Qxe5 Rd2 24. Qe8+ Kh7 25. Qxf7 Rxa2 26. Rxa2 Qxa2 27.
Qf5+ Kg8 28. Re1 Rd8 29. Re7 Qd2 30. Qf7+ 1-0

[Event "ch-FRA Blitz Online Qual"]
[Site "Europe-Chess INT"]
[Date "2020.05.16"]
[Round "7"]
[White "Hue, Victor"]
[Black "Saba, Nathalie"]
[Result "0-1"]
[WhiteElo "2038"]
[BlackElo "1626"]
[WhiteFideId "26045710"]
[BlackFideId "26095939"]
[EventDate "2020.05.16"]

1. e4 c5 2. Nf3 Nc6 3. d4 cxd4 4. Nxd4 g6 5. Nc3 Bg7 6. Be3 Nf6 7. Bc4 O-O 8. f3
Qb6 9. Qd2 Nxe4 10. Nxe4 Bxd4 11. Bxd4 Qxd4 12. O-O-O Qxc4 13. Kb1 d6 14. h4 Be6
15. b3 Qa6 16. h5 Bf5 17. hxg6 Bxg6 18. Ng5 Qa3 19. Nxh7 Nb4 20. Nf6+ exf6 21.
Rh8+ Kxh8 22. Qh6+ Kg8 0-1

[Event "ch-FRA Blitz Online Qual"]
[Site "Europe-Chess INT"]
[Date "2020.05.16"]
[Round "7"]
[White "Emmenecker, Pierre-Antoine"]
[Black "Cassam-Chenai, Antoine"]
[Result "1-0"]
[WhiteElo "2172"]
[BlackElo "1839"]
[WhiteFideId "36031321"]
[BlackFideId "36087866"]
[EventDate "2020.05.16"]

1. d4 Nf6 2. Nf3 e6 3. e3 d5 4. Bd3 Bd6 5. O-O O-O 6. b3 b6 7. Bb2 Bb7 8. Nbd2
Nbd7 9. Ne5 Ne4 10. f3 Nxd2 11. Qxd2 f6 12. Nxd7 Qxd7 13. Rad1 c5 14. c4 Rac8
15. cxd5 Bxd5 16. Qf2 cxd4 17. e4 Bb7 18. Bxd4 Qe7 19. Be3 Bc5 20. Bc4 Bxe3 21.
Qxe3 Kh8 22. e5 f5 23. Rd6 Rc6 24. Rfd1 Rxd6 25. exd6 Qh4 26. d7 f4 27. Qxe6 Qg5
28. Qd6 Rd8 29. Re1 Qh5 30. Qe7 1-0

[Event "ch-FRA Blitz Online Qual"]
[Site "Europe-Chess INT"]
[Date "2020.05.16"]
[Round "7"]
[White "Emmenecker, Philippe"]
[Black "Trevisiol, Antoine"]
[Result "0-1"]
[WhiteElo "2100"]
[BlackElo "1788"]
[WhiteFideId "616273"]
[BlackFideId "45136530"]
[EventDate "2020.05.16"]

1. d4 Nf6 2. c4 c5 3. d5 b5 4. a4 bxc4 5. Nc3 g6 6. e4 d6 7. f4 Bg4 8. Nf3 Nbd7
9. a5 Bg7 10. Bxc4 O-O 11. O-O Qc7 12. h3 Bxf3 13. Qxf3 a6 14. Qe2 Qa7 15. e5
Ne8 16. e6 fxe6 17. Qxe6+ Rf7 18. Ne4 Bd4+ 19. Kh1 Ng7 20. Qg4 Nf6 21. Qe2 Nxe4
22. Qxe4 Rb8 23. Qe2 Ra8 24. Kh2 Qb7 25. Ra3 Nf5 26. Rb3 Qc7 27. g4 Ng7 28. Bd2
Rb8 29. Qd3 Rff8 30. Re1 Rxb3 31. Qxb3 Rb8 32. Qd3 Rxb2 33. Re2 Qb8 34. Bxa6 Qb3
35. Qxb3 Rxb3 36. Rxe7 Rb2 37. Re2 Kf7 38. Bc4 Rb1 39. a6 Ra1 40. Bb5 Ra2 41.
Be1 Ra3 42. h4 h5 43. f5 gxf5 44. gxh5 Be5+ 45. Kg2 Nxh5 46. Be8+ Kxe8 47. Bd2
Rxa6 48. Bg5 Ra3 49. Kf1 Kf7 0-1

[Event "ch-FRA Blitz Online Qual"]
[Site "Europe-Chess INT"]
[Date "2020.05.16"]
[Round "7"]
[White "Alvin, Leo"]
[Black "Pichon, Ewen"]
[Result "0-1"]
[WhiteElo "2025"]
[BlackElo "1821"]
[WhiteFideId "695645"]
[BlackFideId "45155593"]
[EventDate "2020.05.16"]

1. d4 Nf6 2. c4 c5 3. d5 b5 4. cxb5 a6 5. b6 d6 6. Nc3 Nbd7 7. b7 Bxb7 8. e4 g6
9. Nf3 Bg7 10. Be2 O-O 11. O-O Qb6 12. Nd2 Qa5 13. Qc2 Rfc8 14. Nc4 Qd8 15. Rb1
a5 16. a4 Ba6 17. Nb5 Bxb5 18. axb5 Nb6 19. b3 Nfd7 20. Bb2 Nf6 21. Rfd1 Qc7 22.
f4 Nfd7 23. Bxg7 Kxg7 24. Qc3+ Kg8 25. Bf3 a4 26. e5 axb3 27. Rxb3 Nxc4 28. Qxc4
Nb6 29. Qe4 Ra4 30. Qe3 Rca8 31. exd6 exd6 32. f5 Nc4 33. Qg5 Ne5 34. b6 Qd8 35.
f6 Rb8 36. Re1 Ra6 37. b7 Ra7 38. Reb1 c4 39. Rb4 c3 40. Be4 Nd7 41. Rf1 Nc5 42.
Qh6 Qf8 43. Qxf8+ Kxf8 44. Rfb1 Nxe4 45. Rxe4 Raxb7 46. Rxb7 Rxb7 47. Rc4 Ke8
48. Rxc3 Rb5 49. Re3+ Kf8 50. Rc3 Ke8 51. Rd3 Kd7 52. Kf2 Rb4 53. Kf3 g5 54. g4
Rf4+ 55. Kg3 Rxf6 56. h4 h6 57. hxg5 hxg5 58. Ra3 Rf4 59. Ra7+ Ke8 60. Ra8+ Ke7
61. Rg8 Kf6 62. Rh8 Ke5 63. Rg8 f6 64. Re8+ Kxd5 65. Rd8 Ke5 66. Ra8 d5 67. Ra5
Ke4 68. Ra4+ d4 69. Ra8 Ke3 70. Re8+ Kd2 71. Rd8 d3 72. Rd5 Ke2 73. Rd6 Re4 74.
Rxf6 d2 75. Rf2+ Ke1 76. Kg2 d1=Q 77. Rf1+ Ke2 78. Rxd1 Kxd1 79. Kf3 Rf4+ 80.
Kg3 Ke2 81. Kh3 Kf3 82. Kh2 Rxg4 83. Kh3 Rh4# 0-1

[Event "ch-FRA Blitz Online Qual"]
[Site "Europe-Chess INT"]
[Date "2020.05.16"]
[Round "7"]
[White "Lissillour, Baptiste"]
[Black "Firouzja, Mohammadreza"]
[Result "0-1"]
[WhiteElo "1731"]
[BlackElo "2135"]
[WhiteFideId "45179620"]
[BlackFideId "12573990"]
[EventDate "2020.05.16"]

1. d4 Nf6 2. Nf3 b5 3. Bg5 Bb7 4. e3 a6 5. c4 bxc4 6. Bxc4 e6 7. O-O Be7 8. Nc3
O-O 9. Rc1 d5 10. Bd3 Nbd7 11. Ne5 Nxe5 12. dxe5 Nd7 13. Bxe7 Qxe7 14. f4 c5 15.
Qh5 g6 16. Qh6 c4 17. Bb1 f6 18. Rf3 fxe5 19. Bxg6 Rf6 20. Bxh7+ Qxh7 21. Rg3+
Kh8 22. Qg5 Rg8 23. Qxg8+ Qxg8 24. Rxg8+ Kxg8 25. fxe5 Nxe5 26. Ne2 Nd3 27. Rd1
Nxb2 28. Rb1 Rf7 29. Rxb2 Bc6 30. Nd4 Bd7 31. Rb7 e5 32. Nf3 Bf5 33. Nxe5 Rxb7 0-1

[Event "ch-FRA Blitz Online Qual"]
[Site "Europe-Chess INT"]
[Date "2020.05.16"]
[Round "7"]
[White "Del Giovane, Fabio"]
[Black "Calvo, Dylan"]
[Result "0-1"]
[WhiteElo "1629"]
[BlackElo "2018"]
[WhiteFideId "45142190"]
[BlackFideId "36019410"]
[EventDate "2020.05.16"]

1. e4 c5 2. Nf3 Nc6 3. Bb5 g6 4. Bxc6 dxc6 5. h3 Bg7 6. O-O Nf6 7. e5 Nd5 8. c4
Nc7 9. b3 O-O 10. Bb2 Ne6 11. Re1 Nd4 12. d3 f6 13. Nxd4 cxd4 14. exf6 Bxf6 15.
Nd2 Bh4 16. Nf3 Bf6 17. Qe2 Qd6 18. a4 a5 19. Nd2 Bf5 20. Ne4 Bxe4 21. Qxe4 e5
22. Ba3 c5 23. Re2 Rf7 24. Rae1 Raf8 25. Bc1 b6 26. Bh6 Bg7 27. Bxg7 Kxg7 28. f3
Rf5 29. Qg4 R8f7 30. Re4 h5 31. Qg3 Re7 32. R1e2 Qf6 33. Qe1 g5 34. Qg3 Rf4 35.
Rxf4 exf4 36. Qe1 Re3 37. Rxe3 dxe3 38. Qe2 Qc3 39. Qd1 Kf6 40. Kf1 Qb2 41. Ke1
Qf2# 0-1

[Event "ch-FRA Blitz Online Qual"]
[Site "Europe-Chess INT"]
[Date "2020.05.16"]
[Round "7"]
[White "Jouneau, Quentin"]
[Black "Menjra, Yanis"]
[Result "0-1"]
[WhiteElo "2018"]
[BlackElo "1489"]
[WhiteFideId "649716"]
[BlackFideId "45155500"]
[EventDate "2020.05.16"]

1. e4 e5 2. Nf3 Nc6 3. d4 exd4 4. c3 dxc3 5. Bc4 Bc5 6. Nxc3 Nf6 7. e5 Ng4 8.
Bxf7+ Kxf7 9. Qd5+ Ke8 10. Qxc5 Qe7 11. Qd5 Ngxe5 12. O-O Nxf3+ 13. Qxf3 Qf6 14.
Re1+ Kf8 15. Qg3 d6 16. Bg5 Qg6 17. Nd5 Bf5 18. Rad1 h6 19. Nxc7 Rc8 20. Ne6+
Bxe6 21. Qxd6+ Kf7 22. Bh4 Rhe8 23. Re3 Kg8 24. Rde1 Bf7 25. Rxe8+ Rxe8 26.
Rxe8+ Bxe8 27. Qd1 Ne5 28. Bg3 Nf7 29. h3 Bc6 30. Qe2 Qe4 31. Qd2 Qxg2# 0-1

[Event "ch-FRA Blitz Online Qual"]
[Site "Europe-Chess INT"]
[Date "2020.05.16"]
[Round "7"]
[White "Reuillon, Hadrien"]
[Black "Maugenest, Ghislain"]
[Result "0-1"]
[WhiteElo "1817"]
[BlackElo "2013"]
[WhiteFideId "45133972"]
[BlackFideId "36029483"]
[EventDate "2020.05.16"]

1. e4 e5 2. Nf3 Nc6 3. Bc4 Bc5 4. b4 Bxb4 5. c3 Ba5 6. d4 exd4 7. O-O Nf6 8.
cxd4 d5 9. exd5 Nxd5 10. Ba3 Be6 11. Qb3 Qd7 12. Ne5 Nxe5 13. dxe5 O-O-O 14. Rd1
Qc6 15. Nd2 Nf4 16. Bxe6+ fxe6 17. Nf3 Bb6 18. Rac1 Ne2+ 19. Kh1 Nxc1 20. Rxc1
Qd5 21. Qa4 g5 22. h3 h5 23. Nxg5 Rhg8 24. h4 Qxe5 25. Qb3 Qd5 26. Qg3 c6 27.
Qc3 Bd4 28. Qa5 Qxa5 0-1

[Event "ch-FRA Blitz Online Qual"]
[Site "Europe-Chess INT"]
[Date "2020.05.16"]
[Round "7"]
[White "Gordon, James"]
[Black "Berger Dit Lacroix, Kilian"]
[Result "0-1"]
[WhiteElo "1775"]
[BlackElo "2129"]
[WhiteFideId "45186154"]
[BlackFideId "36091855"]
[EventDate "2020.05.16"]

1. d4 Nf6 2. Nf3 g6 3. Bf4 Bg7 4. Nc3 d5 5. e3 O-O 6. Ne5 Nbd7 7. Be2 c5 8. dxc5
Nxc5 9. Qd2 Bf5 10. f3 Nh5 11. g4 Nxf4 12. exf4 Be6 13. O-O-O f6 14. Nd3 Rc8 15.
Nxc5 Rxc5 16. Qd4 Qc7 17. f5 gxf5 18. gxf5 Bxf5 19. Bd3 e5 20. Nxd5 Rxc2+ 21.
Kb1 exd4 22. Nxc7 Bxd3 23. Rxd3 Rxc7 24. Rxd4 Re8 25. Rg1 Rce7 26. Kc2 Re2+ 27.
Kb3 f5 28. Rd7 R2e7 29. Rd5 Re3+ 30. Kc2 Re2+ 31. Kb3 Rxb2+ 32. Ka3 Re3+ 33. Ka4
Rxa2+ 34. Kb5 Rb3+ 35. Kc5 Ra5+ 36. Kd6 Rxd5+ 37. Kxd5 Rxf3 38. Ke6 Rf2 39. Rd1
h6 40. Rd8+ Kh7 41. Kf7 Rxh2 42. Rg8 Rg2 43. Ke6 f4 44. Rc8 f3 45. Rc1 f2 46.
Rf1 Bd4 47. Kd5 Bb6 48. Rc1 Rg1 49. Rf1 Rxf1 50. Ke6 Re1+ 51. Kd7 f1=Q 52. Kc8
Qf8+ 53. Kxb7 Qe7+ 54. Ka6 Ra1+ 55. Kb5 Qc5# 0-1

[Event "ch-FRA Blitz Online Qual"]
[Site "Europe-Chess INT"]
[Date "2020.05.16"]
[Round "7"]
[White "Ciarletta, Iris"]
[Black "Bournel, Antoine"]
[Result "0-1"]
[WhiteElo "1493"]
[BlackElo "2238"]
[WhiteFideId "45133263"]
[BlackFideId "26093553"]
[EventDate "2020.05.16"]

1. d4 Nf6 2. c4 e6 3. Nc3 Bb4 4. Bg5 h6 5. Bxf6 Qxf6 6. e4 c5 7. e5 Qg6 8. Nf3
cxd4 9. Nxd4 Qe4+ 10. Ne2 Qxe5 11. Qc2 Nc6 12. O-O-O O-O 13. Ng3 b6 14. Bd3 Bb7
15. Rhe1 Qf4+ 16. Kb1 Rac8 17. Re4 Qg5 18. Re2 Nd4 19. Qa4 Bxc3 20. bxc3 Nxe2
21. Bxe2 Bxg2 22. Rxd7 Bc6 23. Qxa7 Bxd7 24. Qxd7 Rfd8 25. Qb7 Qd2 26. Qg2 Qe1+
27. Kb2 Rd2+ 28. Ka3 Qc1+ 29. Kb4 Rb2+ 30. Ka4 Qc2+ 31. Ka3 Qxc3+ 32. Ka4 Qb4# 0-1

[Event "ch-FRA Blitz Online Qual"]
[Site "Europe-Chess INT"]
[Date "2020.05.16"]
[Round "7"]
[White "Fardet, Elouan"]
[Black "Cadieu, Corentin"]
[Result "1/2-1/2"]
[WhiteElo "2163"]
[BlackElo "1524"]
[WhiteFideId "45163596"]
[BlackFideId "26023180"]
[EventDate "2020.05.16"]

1. e4 e6 2. d4 d5 3. Nd2 c5 4. exd5 exd5 5. Ngf3 Nf6 6. Bb5+ Bd7 7. Qe2+ Be7 8.
dxc5 O-O 9. O-O Bxc5 10. Nb3 Bd6 11. Bd3 Re8 12. Qd1 Nc6 13. c3 Qc7 14. Bg5 Ne4
15. Bh4 Bg4 16. h3 Bxf3 17. Qxf3 Ne5 18. Qd1 Nxd3 19. Qxd3 g5 20. Bg3 Bxg3 21.
fxg3 Nxg3 22. Rfe1 Ne4 23. Qxd5 Rad8 24. Qf5 Re5 25. Qf3 Nd2 26. Nxd2 Rxe1+ 27.
Rxe1 Rxd2 28. Qe3 Qd8 29. Qe8+ Qxe8 30. Rxe8+ Kg7 31. Ra8 Rxb2 32. Rxa7 b5 33.
Rb7 Rxa2 34. Rxb5 Rc2 35. Rxg5+ Kf6 36. Rc5 Ke6 37. Rc4 Kd5 38. Rc8 Ke6 39. Rh8
Rxc3 40. Rxh7 Rg3 41. Rh4 Rg6 42. Rf4 Ke7 43. Rf2 Kf8 44. Kh2 Kg7 45. g3 Rd6 46.
h4 Kg6 47. Kh3 f5 48. Rf4 Rd3 49. Ra4 Rd6 50. Rf4 Rd3 51. Ra4 Rd6 52. Ra3 Rf6
53. Kg2 Rd6 54. Kf3 Rd1 55. Kf4 Rd4+ 56. Ke5 Re4+ 57. Kd5 Rg4 58. Rf3 Kf6 59.
Kd6 Rd4+ 60. Kc5 Rg4 61. Kd5 Ra4 62. h5 Kg5 63. Ke6 Ra6+ 64. Ke5 Ra5+ 65. Kd4
Kxh5 66. Ke3 Kg4 67. Rf1 Ra3+ 68. Ke2 Rxg3 69. Ra1 f4 70. Kf2 Rf3+ 71. Kg2 Re3
72. Kf2 Re4 73. Ra3 Rc4 74. Kf1 f3 75. Ra8 Kg3 76. Rg8+ Kf4 77. Rf8+ Ke3 78.
Re8+ Kd2 79. Rd8+ Kc2 80. Rf8 Rc3 81. Kf2 Kd1 82. Rxf3 Rxf3+ 83. Kxf3 1/2-1/2

[Event "ch-FRA Blitz Online Qual"]
[Site "Europe-Chess INT"]
[Date "2020.05.16"]
[Round "7"]
[White "Delabarre, Olivier"]
[Black "Dazi, Adam"]
[Result "0-1"]
[WhiteElo "1997"]
[BlackElo "1336"]
[WhiteFideId "632481"]
[BlackFideId "45106959"]
[EventDate "2020.05.16"]

1. d4 d5 2. c4 c6 3. cxd5 cxd5 4. Nc3 Nf6 5. Bf4 Nc6 6. e3 Bf5 7. Nf3 e6 8. Rc1
Bd6 9. Bxd6 Qxd6 10. Qb3 Qc7 11. Ne5 O-O 12. f4 Rab8 13. Be2 Nd7 14. O-O Nf6 15.
g4 Nxe5 16. gxf5 Nc6 17. fxe6 fxe6 18. Qd1 Qf7 19. Kh1 Qg6 20. Rg1 Qf7 21. Rg3
a6 22. Qf1 Ne7 23. Bd3 Nf5 24. Bxf5 exf5 25. Qg2 Rfe8 26. Rg1 g6 27. h4 Re7 28.
Qh3 Nh5 29. Rg5 Ng7 30. h5 Re6 31. hxg6 hxg6 32. Qh6 Rbe8 33. Rxg6 Rxg6 34. Rxg6
Rxe3 35. Nxd5 Re1+ 36. Kg2 Qxd5+ 37. Kf2 Re7 38. Qg5 Qxd4+ 39. Kg3 Qg1+ 40. Kh3
Qxg5 41. Rxg5 Re3+ 42. Kg2 Re2+ 43. Kf1 Rxb2 44. Rg6 Rxa2 45. Rd6 a5 46. Rd7 b5 0-1

[Event "ch-FRA Blitz Online Qual"]
[Site "Europe-Chess INT"]
[Date "2020.05.16"]
[Round "7"]
[White "Cavailles, Evan"]
[Black "Dourerassou, Jonathan"]
[Result "1/2-1/2"]
[BlackTitle "GM"]
[WhiteElo "2018"]
[BlackElo "2477"]
[WhiteFideId "36048445"]
[BlackFideId "628050"]
[EventDate "2020.05.16"]

1. e4 d6 2. d4 g6 3. Nc3 Bg7 4. Nf3 a6 5. Be2 Nd7 6. O-O c5 7. dxc5 Nxc5 8. Be3
Be6 9. e5 Rc8 10. Bxc5 dxc5 11. Qxd8+ Rxd8 12. Rad1 Nh6 13. Ne4 Rc8 14. h3 Nf5
15. Neg5 Nd4 16. Nxd4 cxd4 17. Nxe6 fxe6 18. Bd3 Bxe5 19. Rfe1 Bf6 20. Rxe6 Kf7
21. Rde1 Rhd8 22. R6e4 Rc5 23. g3 b5 24. Kg2 Rd7 25. Re6 Ra7 26. Rb6 Be5 27. Re4
Bc7 28. Rbe6 Bd6 29. Re2 Rac7 30. R6e4 Rd5 31. Re1 Kf8 32. R4e2 a5 33. Be4 Rdc5
34. Rd1 Be5 35. Bd3 Bf6 36. Re6 b4 37. Rde1 Kf7 38. Ra6 Be5 39. b3 Bd6 40. Bc4+
Kg7 41. Ra8 Kh6 42. Ra6 R7c6 43. Rxc6 Rxc6 44. Re6 a4 45. Re4 e5 46. Bd3 a3 47.
Re2 Kg7 48. Re1 Kf6 49. Re2 Rc7 50. Re1 Ke6 51. Re2 Kd5 52. Be4+ Kc5 53. Bd3 Rf7
54. Bc4 Rf8 55. Bd3 Re8 56. f3 Kd5 57. Be4+ Kc5 58. Bd3 Rc8 59. Bc4 Kb6 60. Bd3
Rc3 61. Be4 Re3 62. Bd3 Kc5 63. Kf2 Rxe2+ 64. Kxe2 e4 65. Bxe4 Bxg3 66. Kd3 Be1
67. Bb7 Bc3 68. Be4 Kd6 69. f4 Ke6 70. Ke2 Kf6 71. Kf3 h6 72. Bd3 Bd2 73. Be4 g5
74. fxg5+ Kxg5 75. Kg3 Be1+ 76. Kf3 h5 77. Bd3 Bd2 78. Be4 Kh4 79. Bg6 Kxh3 80.
Bxh5 Kh2 81. Ke2 Bc3 82. Bg6 Kg3 83. Bd3 Kf4 84. Kd1 Ke3 85. Bg6 Bb2 86. Bd3 Kf4
87. Ke1 Kg3 88. Kd1 Kf3 89. Ke1 Ke3 90. Kd1 Bc3 91. Bg6 Kf2 92. Bd3 Ke3 1/2-1/2

[Event "ch-FRA Blitz Online Qual"]
[Site "Europe-Chess INT"]
[Date "2020.05.16"]
[Round "7"]
[White "Nizard, Roger"]
[Black "Weisman, Nathan"]
[Result "0-1"]
[WhiteElo "2144"]
[BlackElo "2186"]
[WhiteFideId "604569"]
[BlackFideId "36060895"]
[EventDate "2020.05.16"]

1. c4 e5 2. Nc3 Nf6 3. Nf3 Nc6 4. e3 d5 5. cxd5 Nxd5 6. Bb5 Nxc3 7. bxc3 Bd6 8.
d4 exd4 9. cxd4 O-O 10. h3 Bd7 11. Bd3 Nb4 12. Be2 Bf5 13. O-O Nc2 14. Rb1 Nxd4
15. Rxb7 Nxe2+ 16. Qxe2 Bd3 17. Qd2 Bxf1 18. Kxf1 Rb8 19. Rxa7 Rb1 20. Qc2 Qb8
21. Ra4 Qb5+ 22. Rc4 Ba3 23. Nd4 Qxc4+ 24. Qxc4 Rxc1+ 0-1

[Event "ch-FRA Blitz Online Qual"]
[Site "Europe-Chess INT"]
[Date "2020.05.16"]
[Round "7"]
[White "Chabradze, Boris"]
[Black "Hasseine, Madiane"]
[Result "1-0"]
[WhiteElo "2101"]
[BlackElo "2157"]
[WhiteFideId "13603019"]
[BlackFideId "45180482"]
[EventDate "2020.05.16"]

1. e4 c5 2. Nf3 Nc6 3. d4 cxd4 4. Nxd4 e5 5. Nb5 d6 6. N1c3 a6 7. Na3 b5 8. Nd5
Nge7 9. c4 Nxd5 10. exd5 Nd4 11. Be3 Nf5 12. Bd3 Nxe3 13. fxe3 Be7 14. O-O O-O
15. cxb5 f5 16. bxa6 e4 17. Bb5 Bf6 18. Nc4 Bxa6 19. Bxa6 Rxa6 20. Qe2 g6 21. a4
Qa8 22. Rfd1 Rxa4 23. Nb6 Rxa1 24. Nxa8 Raxa8 25. b4 Rab8 26. Rb1 Bd8 27. b5 Bb6
28. Qd2 Rfc8 29. h3 Kf7 30. Kh2 Rc5 31. g4 Rbc8 32. Rb2 Rc3 33. gxf5 gxf5 34.
Qe2 Bxe3 35. Qh5+ Kf6 36. Qxh7 Bf4+ 37. Kg2 Rg3+ 38. Kf2 e3+ 39. Ke2 Rg2+ 40.
Kf3 Rxb2 41. Kxf4 Rb4+ 42. Kxe3 Re4+ 43. Kd3 Rcc4 44. Qh8+ Kg5 45. b6 Rb4 46.
Qd8+ Kg6 47. Qxd6+ Kg5 48. Qc6 Red4+ 49. Kc3 Re4 50. b7 Rb1 51. Kc2 Reb4 52. d6
Rxb7 53. d7 Rb8 54. Qc7 R1b2+ 55. Kc3 R2b3+ 56. Kc4 R3b4+ 57. Kc5 Rb1 58. d8=Q+
Rxd8 59. Qxd8+ Kf4 60. Qd2+ Kg3 61. Qd3+ 1-0

[Event "ch-FRA Blitz Online Qual"]
[Site "Europe-Chess INT"]
[Date "2020.05.16"]
[Round "7"]
[White "Lauferon, Augustin"]
[Black "Janzelj, Lara"]
[Result "0-1"]
[BlackTitle "WIM"]
[WhiteElo "1865"]
[BlackElo "2210"]
[WhiteFideId "20655177"]
[BlackFideId "14608391"]
[EventDate "2020.05.16"]

1. e4 d6 2. d4 Nf6 3. Nc3 e5 4. dxe5 dxe5 5. Qxd8+ Kxd8 6. Bg5 Be6 7. O-O-O+ Nd7
8. Nf3 Kc8 9. Bb5 c6 10. Bd3 Kc7 11. h3 Bc5 12. Rhf1 b5 13. Kb1 Bd6 14. Bxb5
Rhb8 15. Bd3 Ba3 16. b3 a5 17. Bc1 Bd6 18. Ka1 Nc5 19. Bb2 a4 20. Kb1 axb3 21.
axb3 Nfd7 22. Nd2 Nxd3 23. cxd3 Nc5 24. Nc4 Bxc4 25. bxc4 Rb3 26. Kc2 Rab8 27.
Rb1 Ne6 28. Ne2 g6 29. Bxe5 Rxb1 30. Bxd6+ Kxd6 31. Rxb1 Ra8 32. Rb2 Kc5 33. Kc3
Ra3+ 34. Rb3 Ra2 35. d4+ Kd6 36. e5+ Ke7 37. Kd3 Rxe2 38. Kxe2 Nxd4+ 39. Kd3
Nxb3 40. f4 Ke6 41. g4 h5 42. Kc3 hxg4 43. hxg4 Nc5 44. Kd4 Nd7 45. Ke4 f5+ 46.
exf6 Nxf6+ 47. Kf3 c5 48. Kg3 Ne4+ 49. Kf3 Nd2+ 50. Ke3 Nxc4+ 51. Ke4 Nd6+ 52.
Kd3 Kd5 53. Kc3 c4 54. Kc2 Ke4 55. f5 gxf5 56. gxf5 Nxf5 57. Kc3 Nd6 58. Kc2 Kd4
59. Kc1 c3 60. Kc2 Kc4 61. Kc1 Kd3 62. Kd1 Nc4 63. Kc1 Ne3 64. Kb1 c2+ 65. Kc1
Nd5 66. Kb2 Kd2 0-1

[Event "ch-FRA Blitz Online Qual"]
[Site "Europe-Chess INT"]
[Date "2020.05.16"]
[Round "7"]
[White "Kovacs, Klara"]
[Black "Rousseau, Matthieu"]
[Result "1-0"]
[WhiteTitle "WIM"]
[WhiteElo "2154"]
[BlackElo "1862"]
[WhiteFideId "733210"]
[BlackFideId "26049724"]
[EventDate "2020.05.16"]

1. Nf3 d5 2. g3 e6 3. Bg2 Nf6 4. c4 c6 5. O-O Be7 6. b3 O-O 7. Bb2 Nbd7 8. d3
Nb6 9. Nbd2 Bd7 10. a3 Rc8 11. b4 dxc4 12. dxc4 c5 13. b5 a6 14. a4 axb5 15.
axb5 Na8 16. Ne5 b6 17. Ra7 Bd6 18. Ndf3 Bxe5 19. Nxe5 Nc7 20. Qd6 Nce8 21. Qd2
Nc7 22. Rd1 Re8 23. Nxd7 Nxd7 24. Qxd7 Qg5 25. Rxc7 Rcd8 26. Qxf7+ Kh8 27. Rxd8
Rxd8 28. Bxg7+ Qxg7 29. Qxg7# 1-0

[Event "ch-FRA Blitz Online Qual"]
[Site "Europe-Chess INT"]
[Date "2020.05.16"]
[Round "7"]
[White "Rahnama, Matin"]
[Black "Trabet, Mathis"]
[Result "0-1"]
[WhiteElo "1754"]
[BlackElo "2118"]
[WhiteFideId "45146039"]
[BlackFideId "36041289"]
[EventDate "2020.05.16"]

1. c4 c5 2. Nc3 Nc6 3. g3 Nf6 4. Bg2 g6 5. e3 Bg7 6. Nge2 O-O 7. d4 cxd4 8. exd4
d5 9. cxd5 Nb4 10. Qb3 Nd3+ 11. Kd2 Nxf2 12. Rf1 N2g4 13. h3 Nh6 14. g4 e6 15.
g5 Nxd5 16. Nxd5 Qxg5+ 17. Ndf4 Rd8 18. Qg3 Rxd4+ 19. Ke3 Nf5+ 20. Kf3 Nxg3 21.
Nxg3 Rd8 22. Ne4 Qb5 23. Kg3 Bd7 24. Kh2 Bc6 25. Be3 Bxe4 26. Bxe4 Qxb2+ 27. Bg2
Qa3 28. Rae1 Be5 29. Kh1 Bxf4 30. Bxf4 Qxa2 31. Bxb7 Qb3 32. Bxa8 Qxh3+ 33. Bh2
Rxa8 34. Rf2 a5 35. Ref1 Ra7 36. Rf3 Qh5 37. Ra3 a4 38. Rff3 Qd5 39. Kg2 Rb7 40.
Bf4 Rb3 41. Rxb3 axb3 42. Bh6 Qxf3+ 43. Kxf3 b2 0-1